| 000 | 00617nam a22001337a 4500 | ||
|---|---|---|---|
| 040 | _cRUA | ||
| 082 | _aAGR CHH 2009 B039 Or.1 | ||
| 100 | _aCHHUN KIM HEANG | ||
| 245 | _astudy on artropods on cashew tree in santuk district, kampong thom (ការសិក្សាសត្វល្អិតលើដំណាំស្វាយចន្ទីក្នុងស្រុកសន្ទុក ខេត្តកំពង់ធំ) | ||
| 260 |
_aPhnom Penh _bRUA _c2009 |
||
| 300 |
_axiv, 67p. _bill. _c29cm. |
||
| 856 | _uhttps://drive.google.com/file/d/1pNSX7-5jRxfJ2Km7aLNf_KJf9gvbMrMt/view?usp=sharing | ||
| 942 | _cAGR | ||
| 999 |
_c893 _d893 |
||